| 000 | 00536nam a2200181 i 4500 | ||
|---|---|---|---|
| 001 | 84204 | ||
| 003 | ES-MaACL | ||
| 005 | 20251011162636.0 | ||
| 007 | t| | ||
| 008 | 041122s1968 sp ||||1| spa d | ||
| 100 | 1 |
_aJean-Nesmy, Claude. _966237 |
|
| 245 | 1 | 0 |
_aPráctica de la liturgia / _cClaude Jean-Nesmy ; [versión de Sor Mª Magdalena]. |
| 260 |
_aBarcelona : _bHerder, _c[1968] |
||
| 300 |
_a267 p. ; _c19 cm. |
||
| 700 | 0 |
_aMaría Magdalena, _cSor _976670 |
|
| 852 |
_aES-MaACL _jC-50967 _bR.67491 |
||
| 999 |
_c84204 _d84204 |
||